Politics of communalism and secularism : (Record no. 19586)

MARC details
000 -LEADER
fixed length control field 00973nam a2200301 a 4500
001 - CONTROL NUMBER
control field 1121021
003 - CONTROL NUMBER IDENTIFIER
control field BDDh-ASL
005 - DATE AND TIME OF LATEST TRANSACTION
control field 20231015025805.0
008 - FIXED-LENGTH DATA ELEMENTS--GENERAL INFORMATION
fixed length control field 930716s1993 ii b 001 0 eng
010 ## - LIBRARY OF CONGRESS CONTROL NUMBER
LC control number 93903345
020 ## - INTERNATIONAL STANDARD BOOK NUMBER
International Standard Book Number 8171004970 :
Terms of availability Rs250.00
025 ## - OVERSEAS ACQUISITION NUMBER
Overseas acquisition number I-E-71691
040 ## - CATALOGING SOURCE
Original cataloging agency DLC
Transcribing agency DLC
Modifying agency BDDh-ASL
043 ## - GEOGRAPHIC AREA CODE
Geographic area code a-ii---
050 00 - LIBRARY OF CONGRESS CALL NUMBER
Classification number DS422.C64
Item number P65 1993
082 ## - DEWEY DECIMAL CLASSIFICATION NUMBER
Classification number 300
Item number POL
245 00 - TITLE STATEMENT
Title Politics of communalism and secularism :
Remainder of title keeping Indians divided /
Statement of responsibility, etc. edited by N.S. Gehlot.
260 ## - PUBLICATION, DISTRIBUTION, ETC.
Place of publication, distribution, etc. New Delhi :
Name of publisher, distributor, etc. Deep & Deep Publications,
Date of publication, distribution, etc. c1993.
300 ## - PHYSICAL DESCRIPTION
Extent xi, 305 p. :
Dimensions 23 cm.
504 ## - BIBLIOGRAPHY, ETC. NOTE
Bibliography, etc. note Includes bibliographical references (p. [285]-286) and index.
650 #0 - SUBJECT ADDED ENTRY--TOPICAL TERM
Topical term or geographic name entry element Communalism
General subdivision India.
650 #0 - SUBJECT ADDED ENTRY--TOPICAL TERM
Topical term or geographic name entry element Secularism
General subdivision India.
651 #0 - SUBJECT ADDED ENTRY--GEOGRAPHIC NAME
Geographic name India
General subdivision Politics and government
Chronological subdivision 1947-
700 1# - ADDED ENTRY--PERSONAL NAME
Personal name Gehlot, N. S.,
Dates associated with a name 1947-
906 ## - LOCAL DATA ELEMENT F, LDF (RLIN)
a 7
b cbc
c orignew
d 3
e ncip
f 19
g y-gencatlg
942 ## - ADDED ENTRY ELEMENTS (KOHA)
Source of classification or shelving scheme Dewey Decimal Classification
Koha item type Books
Holdings
Withdrawn status Lost status Source of classification or shelving scheme Damaged status Not for loan Collection code Home library Current library Shelving location Date acquired Source of acquisition Total Checkouts Full call number Barcode Date last seen Copy number Price effective from Koha item type Public note
    Dewey Decimal Classification   Not For Loan Non-fiction Asiatic Society Library Asiatic Society Library Ludden Collection 12/13/2020 Donated by Prof. David Ludden   300 POL 102939 12/13/2020 C-1 12/13/2020 Books RARE

Powered by Koha